000 00517nam a22002057a 4500
999 _c3605
_d3605
003 SCME
005 20170105101220.0
008 110524t xxu||||| |||| 00| 0 eng d
040 _cS3H
082 _2519.5
100 _aRobert V.Hogg
_9379
245 _aIntroduction to Mathematical Statistics
250 _a4th
260 _aIslamabad
_bNational Book Foundation
_c1962
300 _a437p
546 _aEnglish
563 _aHBC
650 _aIntroduction to Mathematical Statistics
_9380
942 _2ddc
_cBK